25 CDZ Characters by Photo Quiz Stats

 Plays Quiz not verified by Sporcle

Support Sporcle.
Go Orange.
Score 0/25 Timer 20:00
0 Plays Today
Número % Correct
10Cassios
100%
15Esmeralda
100%
22June
100%
1Aiacos
83.3%
4Algol
66.7%
3Albion
50%
5Aracne
50%
8Babel
50%
11Daichi
50%
13Dio
50%
20Jamian
50%
23Laime
50%
2Akira
33.3%
Número % Correct
6Alguetti
33.3%
7Asterion
33.3%
9Capella
33.3%
17Golfinho
33.3%
18Guilty
33.3%
19Jacob
33.3%
25Makoto
33.3%
12Dante
16.7%
14Dócrates
16.7%
16Gigars
16.7%
21Geist
16.7%
24Larry
16.7%

You're not logged in!

Compare scores with friends on all Sporcle quizzes.
OR
Log In

From the Vault

Big 4 Same Letter State

by sproutcm

Alliteration is a key element of team-naming.
Remove Ads.
Support Sporcle.
Get the best of Sporcle when you Go Orange. This ad-free experience offers more features, more stats, and more fun while also helping to support Sporcle. Thank you for becoming a member.

Show Comments

Extras

Created Feb 5, 2011ReportNominate
Tags:Character, Image Quiz, Numero

Top Quizzes Today


Score Distribution

Your Account Isn't Verified!

In order to create a playlist on Sporcle, you need to verify the email address you used during registration. Go to your Sporcle Settings to finish the process.

Report this User

Report this user for behavior that violates our Community Guidelines.

Details: